01928nab a22003257a 4500999001500000003000400015005001700019008004100036040000700077100003100084245020100115260007300316300001600389500008400405505039000489505009600879505008900975650002801064650005801092650002001150650003601170650005501206650003301261650003301294650003801327650003501365700004901400773014001449942001301589 c5264d5264OSt20250209222510.0190603e xxum|||| |||| 00| 0 spa d cPJ 96318aPanatti, Marcela V. 10aFiliación por maternidad subrogada : buna respuesta judicial tardía e insuficiente, a la luz del interés superior del niño involucrado /cMarcela V. Panatti, M. Soledad Pennise Iantorno.  cCiudad Autónoma de Buenos Aires :aThomson Reuters La Ley, b2025. ap. 204-223. aCita Online: TR LALEY AR/DOC/56/2025. Publicado en: RCCyC 2025 (febrero) , 204. a Sumario: I. Introducción.— II. La plataforma fáctico-jurídica del caso.— III. Principios rectores del derecho de familia.— IV. El voto mayoritario.— V. La disidencia del Ministro Dr. Juan Carlos Maqueda.— VI. Nuestra postura. Algunas consideraciones críticas, la omisión de garantizar el derecho del niño a ser oído y a participar en un caso que lo involucra.  aFallo comentado: CS ~ 22/10/2024 ~ S., I. N. c. A., C. L. s/ impugnación de filiación. t¿Te interesa el texto completo? Solicitalo al correo: koha@justierradelfuego.gov.ar 09967aDERECHO DE FAMILIA 092741aDERECHOS DE LAS NIÑAS, NIÑOS Y ADOLESCENTES 091004aFILIACION 094486aGESTACION POR SUSTITUCION 094292aTÉCNICAS DE REPRODUCCIÓN HUMANA ASISTIDA 095385aVOLUNTAD PROCREACIONAL 092345aDERECHO A LA IDENTIDAD 094097aINTERES SUPERIOR DEL NIÑO 091497aCODIGO CIVIL Y COMERCIAL 96319aPennise Iantorno, M. Soledad ecoautor0 0271393170dCiudad Autónoma de Buenos Aires : Thomson Reuters La Ley, 2015-tRevista Código Civil y Comercial. Nº 1 - Febrero 2025 2udccANA